000
00200nam a22001097a 4500
082
_a
821
_b
BHA/S
245
_a
SYMPHONY
260
_b
P.V BHASKARAN NAIR
300
_a
58
650
_a
POEMS
942
_c
BK
999
_c
4033
_d
4033